[Event "Innsbruck op 5th"]
[Site "Innsbruck"]
[Date "2021.08.21"]
[Round "1"]
[White "Holzbauer, Johannes"]
[Black "Bachofner, Andreas"]
[Result "0-1"]
[WhiteElo "1945"]
[BlackElo "2184"]
[PlyCount "62"]
[EventDate "2021.08.21"]
[EventType "swiss"]
[EventRounds "9"]
[EventCountry "AUT"]
[SourceTitle "CBM 204 Extra"]
[Source "ChessBase"]
[SourceDate "2021.11.30"]
[SourceVersion "1"]
[SourceVersionDate "2021.11.30"]
[SourceQuality "1"]

1. d4 e6 2. Nf3 f5 3. Bf4 Nf6 4. e3 d6 5. h3 g6 6. c3 Bg7 7. Nbd2 Qe7 8. Qb3 Nc6 9. Bh2 0-0 10. Be2 Kh8 11. 0-0 e5 12. d5 Nd8 13. c4 Nf7 14. Qc2 a5 15. Rfd1 Bd7 16. Rac1 b6 17. Nb1 g5 18. Nc3 Rae8 19. Nb5 Qd8 20. a3 g4 21. Ne1 gxh3 22. gxh3 Rg8 23. Kh1 Ng5 24. Bf1 Bh6 25. h4 Nge4 26. f3 Ng3+ 27. Bxg3 Rxg3 28. Qf2 Nh5 29. Rc2 Reg8 30. Ng2 Rh3+ 31. Kg1 Bxe3 0-1

[Event "Ceske Budejovice op"]
[Site "Ceske Budejovice"]
[Date "2021.07.08"]
[Round "8"]
[White "Hosticka, Frantisek"]
[Black "Bachofner, Andreas"]
[Result "1/2-1/2"]
[WhiteElo "2098"]
[BlackElo "2220"]
[PlyCount "67"]
[EventDate "2021.07.01"]
[EventType "swiss"]
[EventRounds "9"]
[EventCountry "CZE"]
[SourceTitle "CBM 203 Extra"]
[Source "ChessBase"]
[SourceDate "2021.09.30"]
[SourceVersion "1"]
[SourceVersionDate "2021.09.30"]
[SourceQuality "1"]

1. e4 e6 2. d4 d5 3. e5 c5 4. c3 Nc6 5. Be3 Nge7 6. Nf3 Nf5 7. Bd3 Qb6 8. Qd2 cxd4 9. cxd4 Nxe3 10. fxe3 Bd7 11. Nc3 Be7 12. 0-0 0-0 13. Rac1 f5 14. exf6 Rxf6 15. Na4 Qd8 16. Nc5 Bxc5 17. Rxc5 Rc8 18. Rcc1 Qb6 19. Ng5 h6 20. Nh7 Rxf1+ 21. Rxf1 e5 22. dxe5 Nxe5 23. Bb1 Nc4 24. Qc2 Qxe3+ 25. Kh1 Qe4 26. Qf2 Qe7 27. Qd4 Ne3 28. Re1 Nc2 29. Qxd5+ Qf7 30. Qxf7+ Kxf7 31. Rf1+ Kg8 32. Rf8+ Rxf8 33. Nxf8 Kxf8 34. Bxc2 1/2-1/2

[Event "AUT-chT2O 1920"]
[Site "Austria"]
[Date "2020.01.18"]
[Round "6.2"]
[White "Bachofner, Andreas"]
[Black "Sadilek, Maximilian"]
[Result "1-0"]
[WhiteElo "2213"]
[BlackElo "2313"]
[PlyCount "87"]
[EventDate "2019.10.19"]
[EventType "team-tourn"]
[EventRounds "11"]
[EventCountry "AUT"]
[SourceTitle "CBM 194 Extra"]
[Source "ChessBase"]
[SourceDate "2020.03.31"]
[SourceVersion "1"]
[SourceVersionDate "2020.03.31"]
[SourceQuality "1"]
[WhiteTeam "Wiener Amateur CC"]
[BlackTeam "Tschaturanga"]
[WhiteTeamCountry "AUT"]
[BlackTeamCountry "AUT"]

1. Nf3 Nc6 2. e4 d6 3. d4 Nf6 4. Bd3 e5 5. d5 Ne7 6. c4 g6 7. Nc3 Bg7 8. h3 0-0 9. g4 c6 10. Be3 a6 11. Qd2 cxd5 12. cxd5 b5 13. a3 Bd7 14. Rc1 Re8 15. Ng1 Rb8 16. Nge2 a5 17. b4 Nc8 18. Ng3 Rf8 19. Bh6 Ne8 20. Rg1 axb4 21. axb4 Qh4 22. Bg5 Qxh3 23. Rh1 Qg2 24. Bf1 Qf3 25. Be2 Qg2 26. Nd1 f5 27. Ne3 Qxh1+ 28. Nxh1 f4 29. f3 h6 30. Bd8 fxe3 31. Qxe3 Kf7 32. Ng3 Ra8 33. Ba5 Bf6 34. Qxh6 Rh8 35. Qe3 Bh4 36. Kf2 Kf6 37. f4 exf4 38. Qd4+ Kf7 39. Qxh8 fxg3+ 40. Kg2 Bf6 41. Rf1 g5 42. Bd8 Ne7 43. Bxe7 Kxe7 44. Rxf6 1-0

[Event "AUT-chT2O 1920"]
[Site "Austria"]
[Date "2019.11.16"]
[Round "3.2"]
[White "Bachofner, Andreas"]
[Black "Ganaus, Hannes"]
[Result "1/2-1/2"]
[WhiteElo "2213"]
[BlackElo "2196"]
[PlyCount "71"]
[EventDate "2019.10.19"]
[EventType "team-tourn"]
[EventRounds "11"]
[EventCountry "AUT"]
[SourceTitle "CBM 193 Extra"]
[Source "ChessBase"]
[SourceDate "2020.01.31"]
[SourceVersion "1"]
[SourceVersionDate "2020.01.31"]
[SourceQuality "1"]
[WhiteTeam "Wiener Amateur CC"]
[BlackTeam "Poechlarn"]
[WhiteTeamCountry "AUT"]
[BlackTeamCountry "AUT"]

1. e4 c6 2. d4 d5 3. exd5 cxd5 4. Bd3 Nc6 5. c3 g6 6. h3 Nh6 7. Nf3 Bf5 8. Na3 Bxd3 9. Qxd3 e6 10. Bf4 Nf5 11. Nb5 Rc8 12. g4 Nd6 13. Nxd6+ Bxd6 14. Bh6 Bf8 15. Bxf8 Kxf8 16. Qe3 Kg7 17. 0-0-0 b5 18. Kb1 Qe7 19. Rc1 h6 20. h4 h5 21. g5 Rc7 22. Rc2 Rhc8 23. Rhc1 Na5 24. Ne5 Nc4 25. Nxc4 Rxc4 26. f4 Qc7 27. Qe5+ Kg8 28. b3 Rc6 29. Qxc7 R8xc7 30. Kb2 Kf8 31. Re2 Ke7 32. a3 a5 33. Rcc2 Kd7 34. Rg2 Kd6 35. Rge2 Kd7 36. Rg2 1/2-1/2

[Event "AUT-chT2O 1819"]
[Site "Austria"]
[Date "2018.10.06"]
[Round "1.4"]
[White "Bachofner, Andreas"]
[Black "Ly, Dominik"]
[Result "1/2-1/2"]
[WhiteElo "2184"]
[BlackElo "2238"]
[PlyCount "55"]
[EventDate "2018.10.06"]
[EventType "team-tourn"]
[EventRounds "11"]
[EventCountry "AUT"]
[SourceTitle "CBM 186 Extra"]
[Source "ChessBase"]
[SourceDate "2018.08.24"]
[SourceVersion "1"]
[SourceVersionDate "2018.08.24"]
[SourceQuality "1"]
[WhiteTeam "Nickelsdorf Blackburne"]
[BlackTeam "Baden Invest"]
[WhiteTeamCountry "AUT"]
[BlackTeamCountry "AUT"]

1. e4 c5 2. b3 e6 3. Bb2 d5 4. Bb5+ Bd7 5. Qe2 dxe4 6. Nc3 Nf6 7. Nxe4 Be7 8. Nf3 0-0 9. Bxd7 Nbxd7 10. 0-0 Qc7 11. Nxf6+ Bxf6 12. d4 Rac8 13. c4 Rfd8 14. Rfd1 Qf4 15. d5 exd5 16. Rxd5 Bxb2 17. Qxb2 Nf6 18. Rdd1 Rd6 19. Rxd6 Qxd6 20. Re1 h6 21. h3 b6 22. Qe5 Qxe5 23. Rxe5 Kf8 24. Kf1 Nd7 25. Rd5 Nf6 26. Re5 Nd7 27. Rd5 Nf6 28. Re5 1/2-1/2

[Event "AUT-chT2O 1617"]
[Site "Austria"]
[Date "2017.04.01"]
[Round "10.1"]
[White "Jankovic, Alojzije"]
[Black "Bachofner, Andreas"]
[Result "1-0"]
[WhiteElo "2579"]
[BlackElo "2214"]
[PlyCount "87"]
[EventDate "2016.10.15"]
[EventType "team-tourn"]
[EventRounds "11"]
[EventCountry "AUT"]
[SourceTitle "CBM 177 Extra"]
[Source "ChessBase"]
[SourceDate "2017.04.27"]
[SourceVersion "1"]
[SourceVersionDate "2017.04.27"]
[SourceQuality "1"]
[WhiteTeam "Baden Invest"]
[BlackTeam "Nickelsdorf Blackburne II"]
[WhiteTeamCountry "AUT"]
[BlackTeamCountry "AUT"]

1. d4 e6 2. c4 f5 3. g3 Nf6 4. Bg2 d6 5. Nf3 Be7 6. 0-0 0-0 7. b3 Ne4 8. Bb2 Bf6 9. Nbd2 Nc6 10. Ne1 Nxd2 11. Qxd2 e5 12. Bd5+ Kh8 13. Bxc6 bxc6 14. dxe5 dxe5 15. Qxd8 Rxd8 16. Nd3 Re8 17. f4 e4 18. Bxf6 exd3 19. Be5 dxe2 20. Rfe1 Re7 21. Rxe2 Kg8 22. Rd1 Bb7 23. Red2 Rae8 24. Rd7 c5 25. Bxc7 Bc6 26. Rxe7 Rxe7 27. Rd8+ Kf7 28. Be5 Rd7 29. Rxd7+ Bxd7 30. Kf2 Bc6 31. Ke3 Ke7 32. Bxg7 a6 33. g4 fxg4 34. f5 Kf7 35. Be5 h5 36. Bg3 Bf3 37. Kf4 Bd1 38. Bf2 Bc2 39. Bxc5 Bb1 40. a3 Ba2 41. Bd4 Bxb3 42. c5 Ba4 43. Kg5 Bd7 44. f6 1-0

[Event "AUT-chT2O 1617"]
[Site "Austria"]
[Date "2016.12.03"]
[Round "5.5"]
[White "Bachofner, Andreas"]
[Black "Videki, Sandor"]
[Result "1/2-1/2"]
[WhiteElo "2214"]
[BlackElo "2421"]
[PlyCount "81"]
[EventDate "2016.10.15"]
[EventType "team-tourn"]
[EventRounds "11"]
[EventCountry "AUT"]
[SourceTitle "CBM 177 Extra"]
[Source "ChessBase"]
[SourceDate "2017.04.27"]
[SourceVersion "1"]
[SourceVersionDate "2017.04.27"]
[SourceQuality "1"]
[WhiteTeam "Nickelsdorf Blackburne II"]
[BlackTeam "Pressbaum"]
[WhiteTeamCountry "AUT"]
[BlackTeamCountry "AUT"]

1. e4 c5 2. Nf3 d6 3. d4 cxd4 4. Nxd4 Nf6 5. Nc3 Nc6 6. Bg5 e6 7. Qd2 a6 8. 0-0-0 Bd7 9. f3 Be7 10. Be3 0-0 11. g4 Nxd4 12. Bxd4 Bc6 13. Kb1 b5 14. g5 Nd7 15. h4 b4 16. Ne2 Ne5 17. Rh3 a5 18. Nc1 Qc7 19. f4 Nd7 20. Bd3 e5 21. Be3 exf4 22. Bxf4 Ne5 23. h5 Bd7 24. Rg3 Rfc8 25. Rdg1 Be8 26. Ne2 a4 27. Nd4 Ra5 28. Nf5 Bf8 29. Qh2 Rc5 30. g6 fxg6 31. Bxe5 dxe5 32. hxg6 hxg6 33. Rxg6 Bxg6 34. Rxg6 b3 35. Qh5 bxc2+ 36. Kc1 Qa5 37. Nh6+ Kh7 38. Ng4+ Kg8 39. Nh6+ Kh7 40. Ng4+ Kg8 41. Nh6+ 1/2-1/2

[Event "AUT-chT2O 1617"]
[Site "Austria"]
[Date "2016.11.12"]
[Round "3.6"]
[White "Bachofner, Andreas"]
[Black "Polak, Tomas"]
[Result "1/2-1/2"]
[WhiteElo "2214"]
[BlackElo "2505"]
[PlyCount "98"]
[EventDate "2016.10.15"]
[EventType "team-tourn"]
[EventRounds "11"]
[EventCountry "AUT"]
[SourceTitle "CBM 175 Extra"]
[Source "ChessBase"]
[SourceDate "2016.12.12"]
[SourceVersion "1"]
[SourceVersionDate "2016.12.12"]
[SourceQuality "1"]
[WhiteTeam "Nickelsdorf Blackburne II"]
[BlackTeam "Hietzing"]
[WhiteTeamCountry "AUT"]
[BlackTeamCountry "AUT"]

1. e4 c5 2. Nf3 d6 3. d4 cxd4 4. Nxd4 Nf6 5. Nc3 Nc6 6. Bg5 e6 7. Qd2 Be7 8. 0-0-0 a6 9. f3 Bd7 10. Be3 b5 11. g4 h6 12. h4 b4 13. Nce2 d5 14. Nxc6 Bxc6 15. Nd4 Bb7 16. e5 Nd7 17. f4 Nc5 18. Bg2 Ne4 19. Bxe4 dxe4 20. Kb1 Qc7 21. g5 hxg5 22. hxg5 Rxh1 23. Rxh1 0-0-0 24. Qe2 g6 25. Rc1 Kb8 26. c3 bxc3 27. Rxc3 Qd7 28. Qc2 Rc8 29. Rxc8+ Qxc8 30. Qxc8+ Kxc8 31. Kc2 Bd5 32. b3 Kb7 33. Kc3 a5 34. Nc2 Ka6 35. Bd4 Kb5 36. a3 Ka6 37. Be3 Bc6 38. Nd4 Bd5 39. Nc2 Kb7 40. Bd4 Bc6 41. b4 Ka6 42. Be3 Ba4 43. Nd4 Bd8 44. Bf2 Bb6 45. Be3 Ba7 46. Bf2 Bb6 47. Be3 Bb5 48. Bf2 Be2 49. Be3 Bb5 1/2-1/2

[Event "AUT-chT2O 1516"]
[Site "Austria"]
[Date "2015.11.28"]
[Round "3.2"]
[White "Gattermayer, Robert"]
[Black "Bachofner, Andreas"]
[Result "1/2-1/2"]
[WhiteElo "2007"]
[BlackElo "2201"]
[PlyCount "116"]
[EventDate "2015.10.17"]
[EventType "team-tourn"]
[EventRounds "11"]
[EventCountry "AUT"]
[SourceTitle "EXT 2017"]
[Source "ChessBase"]
[SourceDate "2016.10.25"]
[SourceVersion "1"]
[SourceVersionDate "2016.10.25"]
[SourceQuality "1"]
[WhiteTeam "Poechlarn"]
[BlackTeam "Nickelsdorf Blackburne"]
[WhiteTeamCountry "AUT"]
[BlackTeamCountry "AUT"]

1. e4 e6 2. Qe2 c5 3. f4 Nc6 4. Nf3 Be7 5. Nc3 d5 6. d3 Nd4 7. Nxd4 cxd4 8. Nd1 dxe4 9. dxe4 Nf6 10. g3 Bd7 11. Bg2 Bc6 12. 0-0 Qb6 13. Nf2 Nd7 14. Nd3 Nc5 15. Kh1 0-0 16. Rb1 a5 17. Bd2 Qa6 18. Rfe1 Bb5 19. Nxc5 Bxc5 20. Qh5 Rfc8 21. a3 Bf8 22. c3 g6 23. Qg4 Bg7 24. e5 Bc6 25. Qe2 Qxe2 26. Rxe2 Bxg2+ 27. Kxg2 dxc3 28. Bxc3 Rc4 29. Rd1 Bf8 30. Rd3 b5 31. Bd4 Rd8 32. Red2 Rd5 33. Kf3 h5 34. Ke3 b4 35. b3 Rc6 36. a4 Be7 37. Ba7 Rxd3+ 38. Rxd3 Kf8 39. Kd2 Ke8 40. Bd4 Bc5 41. Bxc5 Rxc5 42. h3 Ke7 43. Rd4 g5 44. Ke3 gxf4+ 45. gxf4 f6 46. Ke4 h4 47. Rd3 Rc8 48. Kd4 Rg8 49. Ke4 Rg1 50. Rf3 Kf7 51. Kd4 Kg6 52. exf6 Kxf6 53. Ke4 Rd1 54. Re3 Rd5 55. Rf3 Rc5 56. Rd3 Rc1 57. Re3 Rf1 58. Rd3 Rc1 1/2-1/2

[Event "AUT-chT2O 1415"]
[Site "Austria"]
[Date "2015.02.21"]
[Round "8.1"]
[White "Bachofner, Andreas"]
[Black "Wandl, Werner"]
[Result "1/2-1/2"]
[WhiteElo "2180"]
[BlackElo "2073"]
[PlyCount "86"]
[EventDate "2014.10.18"]
[EventType "team-tourn"]
[EventRounds "11"]
[EventCountry "AUT"]
[SourceTitle "EXT 2016"]
[Source "ChessBase"]
[SourceDate "2015.10.08"]
[SourceVersion "1"]
[SourceVersionDate "2015.10.08"]
[SourceQuality "1"]
[WhiteTeam "Nickelsdorf"]
[BlackTeam "Pressbaum"]
[WhiteTeamCountry "AUT"]
[BlackTeamCountry "AUT"]

1. e4 e6 2. d4 d5 3. Nc3 Nf6 4. e5 Nfd7 5. f4 c5 6. Nf3 Nc6 7. Be3 Qb6 8. Na4 Qa5+ 9. c3 b6 10. Kf2 Ba6 11. Bxa6 Qxa6 12. b3 cxd4 13. cxd4 Ba3 14. Bc1 Bxc1 15. Qxc1 Rc8 16. Qd2 0-0 17. Rac1 f6 18. Rhe1 fxe5 19. fxe5 Ne7 20. Kg1 Rxc1 21. Rxc1 Rc8 22. Nc3 Rc7 23. a4 Qc8 24. Ne2 Rxc1+ 25. Nxc1 Nf8 26. Ne2 Nf5 27. g4 Ne7 28. Kf2 Neg6 29. h4 Qd8 30. Kg3 h6 31. Qc3 Qd7 32. h5 Nh8 33. Nf4 Nf7 34. a5 Qe7 35. axb6 axb6 36. Qc8 Kh7 37. Nh4 Qb4 38. Nf3 Ng5 39. Nxg5+ hxg5 40. Qc2+ Kg8 41. Ng6 Qxd4 42. Qc8 Qe3+ 43. Kg2 Qe2+ 1/2-1/2

[Event "AUT-chT2O 1415"]
[Site "Austria"]
[Date "2015.01.25"]
[Round "7.6"]
[White "Bachofner, Andreas"]
[Black "Allram, Sebastian"]
[Result "1-0"]
[WhiteElo "2180"]
[BlackElo "2004"]
[PlyCount "75"]
[EventDate "2014.10.18"]
[EventType "team-tourn"]
[EventRounds "11"]
[EventCountry "AUT"]
[SourceTitle "EXT 2016"]
[Source "ChessBase"]
[SourceDate "2015.10.08"]
[SourceVersion "1"]
[SourceVersionDate "2015.10.08"]
[SourceQuality "1"]
[WhiteTeam "Nickelsdorf"]
[BlackTeam "Zwettl"]
[WhiteTeamCountry "AUT"]
[BlackTeamCountry "AUT"]

1. e4 c6 2. d4 d5 3. exd5 cxd5 4. Bd3 Nc6 5. c3 Nf6 6. Bf4 g6 7. Nf3 Bg7 8. 0-0 0-0 9. Ne5 Nh5 10. Nxc6 bxc6 11. Be3 a5 12. Nd2 f5 13. f3 f4 14. Bf2 e5 15. Nb3 Qg5 16. Re1 e4 17. fxe4 Bh3 18. Bf1 f3 19. Qd2 Qg4 20. Be3 Nf4 21. Bxf4 Rxf4 22. Kh1 fxg2+ 23. Bxg2 Raf8 24. Bxh3 Qxh3 25. Qg2 Qxg2+ 26. Kxg2 Rg4+ 27. Kh1 dxe4 28. Re2 Bh6 29. Nxa5 c5 30. dxc5 e3 31. c6 Bf4 32. Nc4 Rc8 33. Nxe3 Rh4 34. Nd5 Kg7 35. Re7+ Kh6 36. Nxf4 Rxf4 37. c7 Rc4 38. a4 1-0

[Event "Ratten op 21st"]
[Site "Ratten"]
[Date "2014.05.30"]
[Round "3"]
[White "Bachofner, Andreas"]
[Black "Huber, Martin Christian"]
[Result "1/2-1/2"]
[WhiteElo "2207"]
[BlackElo "2283"]
[PlyCount "128"]
[EventDate "2014.05.29"]
[EventType "swiss"]
[EventRounds "5"]
[EventCountry "AUT"]
[SourceTitle "CBM 160 Extra"]
[Source "ChessBase"]
[SourceDate "2014.07.01"]
[SourceVersion "1"]
[SourceVersionDate "2014.07.01"]
[SourceQuality "1"]

1. e4 c5 2. c4 Nc6 3. Nc3 g6 4. d3 Bg7 5. g3 d6 6. Bg2 Nf6 7. Nge2 0-0 8. 0-0 Ne8 9. h3 Rb8 10. Be3 Nd4 11. Qd2 Bxh3 12. Bxd4 Bxg2 13. Bxg7 Bxf1 14. Bxf8 Bxe2 15. Bxe7 Qxe7 16. Qxe2 a6 17. a4 Nc7 18. Kg2 Qf6 19. Re1 b6 20. Qf3 Qe5 21. Qe3 b5 22. f4 Qe6 23. axb5 axb5 24. Nd5 Rb7 25. Nxc7 Rxc7 26. cxb5 Rb7 27. Re2 Rxb5 28. e5 Rb3 29. exd6 Qxd6 30. Qe8+ Kg7 31. Qe5+ Qxe5 32. Rxe5 Rxb2+ 33. Kf3 Rb3 34. Rxc5 Rxd3+ 35. Kg4 Rd4 36. Kf3 Rd3+ 37. Kg4 Rd4 38. Rb5 Ra4 39. Kf3 Ra3+ 40. Kg4 Ra4 41. Kf3 h5 42. Rc5 Ra6 43. Rb5 Rf6 44. Ke4 Re6+ 45. Kf3 Rd6 46. Ke4 Kf6 47. Ra5 Rb6 48. Kf3 Rb3+ 49. Kg2 Ke6 50. Re5+ Kd6 51. Ra5 Rc3 52. Ra6+ Rc6 53. Ra5 Rc5 54. Ra6+ Ke7 55. Rb6 Rd5 56. Kf3 Rd3+ 57. Kg2 Rd6 58. Rb5 f6 59. Kf3 Rd3+ 60. Kg2 Ke6 61. Kh3 Rd5 62. Rb6+ Kf5 63. Ra6 g5 64. fxg5 fxg5 1/2-1/2

[Event "Ratten op 21st"]
[Site "Ratten"]
[Date "2014.05.29"]
[Round "1"]
[White "Bachofner, Andreas"]
[Black "Steiner, Peter"]
[Result "1/2-1/2"]
[WhiteElo "2207"]
[BlackElo "2010"]
[PlyCount "50"]
[EventDate "2014.05.29"]
[EventType "swiss"]
[EventRounds "5"]
[EventCountry "AUT"]
[SourceTitle "CBM 160 Extra"]
[Source "ChessBase"]
[SourceDate "2014.07.01"]
[SourceVersion "1"]
[SourceVersionDate "2014.07.01"]
[SourceQuality "1"]

1. e4 c5 2. Nc3 Nc6 3. f4 d6 4. Nf3 g6 5. Bc4 Bg7 6. d3 e6 7. 0-0 Nge7 8. Qe1 Nd4 9. Nxd4 Bxd4+ 10. Kh1 Bg7 11. f5 Nc6 12. fxe6 fxe6 13. Qg3 Be5 14. Qg4 Nd4 15. Bg5 Qd7 16. a4 Qg7 17. Nb5 d5 18. Nxd4 dxc4 19. Nb5 a6 20. Nc3 cxd3 21. cxd3 h6 22. Bh4 Bd7 23. Rf3 Rf8 24. Raf1 Rxf3 25. Rxf3 g5 1/2-1/2

[Event "AUT-chT2O 1213"]
[Site "Austria"]
[Date "2013.04.06"]
[Round "10.4"]
[White "Bachofner, Andreas"]
[Black "Alvir, Aco"]
[Result "0-1"]
[WhiteElo "2207"]
[BlackElo "2345"]
[PlyCount "114"]
[EventDate "2012.10.06"]
[EventType "team-tourn"]
[EventRounds "11"]
[EventCountry "AUT"]
[SourceTitle "EXT 2014"]
[Source "ChessBase"]
[SourceDate "2013.11.20"]
[SourceVersion "1"]
[SourceVersionDate "2013.11.20"]
[SourceQuality "1"]
[WhiteTeam "Nickelsdorf"]
[BlackTeam "Waehring"]
[WhiteTeamCountry "AUT"]
[BlackTeamCountry "AUT"]

1. e4 c5 2. Nc3 e6 3. f4 Nc6 4. Nf3 d5 5. g3 dxe4 6. Nxe4 Be7 7. Bg2 Nf6 8. d3 0-0 9. 0-0 Qb6 10. Nf2 Rd8 11. c3 Bd7 12. Ne5 Be8 13. Qe2 Qc7 14. Bd2 Bd6 15. Rae1 Rac8 16. g4 Bf8 17. g5 Nd5 18. Nfg4 Nxe5 19. fxe5 Ne7 20. Be4 Nf5 21. Bxf5 exf5 22. Rxf5 Qd7 23. e6 Qxe6 24. Re5 Qg6 25. Re3 Bc6 26. Ne5 Qd6 27. Nxc6 Qxc6 28. c4 Qd7 29. Bc3 Rc6 30. Qh5 Rg6 31. Rh3 h6 32. Rg3 hxg5 33. Rxg5 Rxg5+ 34. Qxg5 Qxd3 35. Re3 Qd1+ 36. Re1 Qd3 37. Re3 Qb1+ 38. Re1 Rd1 39. Rxd1 Qxd1+ 40. Kf2 Qc2+ 41. Qd2 Qf5+ 42. Kg1 Qb1+ 43. Kg2 Qxa2 44. Qe2 Qa4 45. Kf3 Qd7 46. Kg2 Qc6+ 47. Kg1 a6 48. Qg4 b5 49. Be5 Qg6 50. Qxg6 fxg6 51. Kf2 bxc4 52. Ke3 Kf7 53. Ke4 Ke6 54. h3 a5 55. Bc3 a4 56. Be5 Be7 57. Bxg7 Bf6 0-1

[Event "AUT-chT2O 1213"]
[Site "Austria"]
[Date "2013.03.09"]
[Round "8.4"]
[White "Bachofner, Andreas"]
[Black "Steiner, Adam"]
[Result "1/2-1/2"]
[WhiteElo "2207"]
[BlackElo "2276"]
[PlyCount "100"]
[EventDate "2012.10.06"]
[EventType "team-tourn"]
[EventRounds "11"]
[EventCountry "AUT"]
[SourceTitle "EXT 2014"]
[Source "ChessBase"]
[SourceDate "2013.11.20"]
[SourceVersion "1"]
[SourceVersionDate "2013.11.20"]
[SourceQuality "1"]
[WhiteTeam "Nickelsdorf"]
[BlackTeam "Wien Ottakring"]
[WhiteTeamCountry "AUT"]
[BlackTeamCountry "AUT"]

1. e4 c5 2. Nc3 Nc6 3. f4 g6 4. Nf3 Bg7 5. Bc4 e6 6. 0-0 Nge7 7. d3 d5 8. Bb3 0-0 9. Qe1 a6 10. a4 Nd4 11. Nxd4 cxd4 12. Nd1 dxe4 13. dxe4 Nc6 14. Nf2 Ne5 15. Ba2 b5 16. Bd2 Nc4 17. axb5 Nxd2 18. Qxd2 axb5 19. e5 Bb7 20. Bb3 Qb6 21. Nd3 Rxa1 22. Rxa1 Ra8 23. Rd1 Bf8 24. h3 Be7 25. Kh2 h5 26. Qf2 Rd8 27. Ne1 Kg7 28. Nf3 Bxf3 29. Qxf3 Qc5 30. Qe4 Qa7 31. g3 Bc5 32. Kg2 Qa8 33. Kf3 Kf8 34. g4 hxg4+ 35. hxg4 Ke7 36. Qxa8 Rxa8 37. Rh1 Ra7 38. Ke4 Rb7 39. Rh8 Bb6 40. f5 gxf5+ 41. gxf5 exf5+ 42. Kxf5 Rd7 43. Rh6 Bc7 44. Bxf7 d3 45. cxd3 Rxd3 46. Bh5 Ba5 47. Rh8 Bb4 48. Rb8 Rd5 49. Bf3 Rxe5+ 50. Kxe5 Bd6+ 1/2-1/2

[Event "AUT-chT2O 1213"]
[Site "Austria"]
[Date "2012.11.17"]
[Round "3.3"]
[White "Bachofner, Andreas"]
[Black "Pisk, Petr"]
[Result "0-1"]
[WhiteElo "2207"]
[BlackElo "2389"]
[PlyCount "128"]
[EventDate "2012.10.06"]
[EventType "team-tourn"]
[EventRounds "11"]
[EventCountry "AUT"]
[SourceTitle "EXT 2014"]
[Source "ChessBase"]
[SourceDate "2013.11.20"]
[SourceVersion "1"]
[SourceVersionDate "2013.11.20"]
[SourceQuality "1"]
[WhiteTeam "Nickelsdorf"]
[BlackTeam "Zwettl II"]
[WhiteTeamCountry "AUT"]
[BlackTeamCountry "AUT"]

1. e4 c6 2. d4 d5 3. exd5 cxd5 4. Bd3 Nf6 5. c3 g6 6. Bf4 Bf5 7. Bxf5 gxf5 8. Qb3 Qb6 9. Qxb6 axb6 10. Na3 Nc6 11. Nb5 Kd7 12. Nf3 Rg8 13. 0-0 e6 14. Rfe1 Be7 15. Ne5+ Nxe5 16. dxe5 Nh5 17. Bd2 Bg5 18. Re2 Bxd2 19. Rxd2 Nf4 20. g3 Ng6 21. Re2 Ra4 22. Nd4 h5 23. Kf1 f4 24. a3 fxg3 25. hxg3 h4 26. Re3 Raa8 27. Rd1 Ke7 28. Ke2 hxg3 29. fxg3 Rh8 30. Rd2 Rh2+ 31. Kd3 Rah8 32. Nf3 R2h3 33. Rg2 Rg8 34. Ne1 Rh5 35. Kd4 Nxe5 36. Ree2 Rg4+ 37. Ke3 Rf5 38. Kd2 Nc4+ 39. Kc2 Rfg5 40. Nf3 Rg8 41. Nd4 Kd7 42. b3 Nd6 43. Re3 Ne4 44. Ne2 b5 45. Rf3 Ke7 46. Re3 R8g7 47. b4 Rg8 48. Nd4 Rxg3 49. Rgxg3 Rxg3 50. Rxg3 Nxg3 51. Nxb5 e5 52. Nc7 Kd6 53. Ne8+ Kd7 54. Nf6+ Ke6 55. Ne8 f5 56. a4 f4 57. Nc7+ Kd6 58. Nb5+ Kd7 59. Kd2 Ne4+ 60. Kd3 f3 61. Ke3 Nxc3 62. Nxc3 d4+ 63. Kxf3 dxc3 64. Ke3 e4 0-1

[Event "AUT-ch"]
[Site "Zwettl"]
[Date "2012.07.29"]
[Round "9"]
[White "Weiss, Christian"]
[Black "Bachofner, Andreas"]
[Result "1/2-1/2"]
[WhiteElo "2417"]
[BlackElo "2219"]
[PlyCount "72"]
[EventDate "2012.07.21"]
[EventType "swiss"]
[EventRounds "9"]
[EventCountry "AUT"]
[SourceTitle "CBM 149 Extra"]
[Source "ChessBase"]
[SourceDate "2012.08.24"]
[SourceVersion "1"]
[SourceVersionDate "2012.08.24"]
[SourceQuality "1"]

1. e4 d5 2. exd5 Qxd5 3. Nc3 Qa5 4. d4 Nf6 5. Bc4 c6 6. Qe2 Bf5 7. Bd2 e6 8. Nf3 Bb4 9. 0-0-0 Nbd7 10. Ne5 Nxe5 11. dxe5 Nd5 12. Ne4 Bxe4 13. Qxe4 Bxd2+ 14. Rxd2 0-0-0 15. Rhd1 Nb6 16. Bb3 Rxd2 17. Rxd2 Rd8 18. c3 Rxd2 19. Kxd2 Qc5 20. Ke2 h5 21. Qf4 Qe7 22. g3 g6 23. Qe3 Kb8 24. h4 Nd7 25. Qf4 Kc7 26. Bc2 Kd8 27. b4 Ke8 28. a3 Qd8 29. Qe4 Qb6 30. c4 a5 31. c5 Qb5+ 32. Kd2 axb4 33. axb4 b6 34. Bd3 Qa4 35. Bc2 Qb5 36. Bd3 Qa4 1/2-1/2

[Event "AUT-ch"]
[Site "Zwettl"]
[Date "2012.07.28"]
[Round "8"]
[White "Bachofner, Andreas"]
[Black "Kummer, Helmut"]
[Result "1/2-1/2"]
[WhiteElo "2219"]
[BlackElo "2362"]
[PlyCount "75"]
[EventDate "2012.07.21"]
[EventType "swiss"]
[EventRounds "9"]
[EventCountry "AUT"]
[SourceTitle "CBM 149 Extra"]
[Source "ChessBase"]
[SourceDate "2012.08.24"]
[SourceVersion "1"]
[SourceVersionDate "2012.08.24"]
[SourceQuality "1"]

1. e4 e5 2. Nf3 Nc6 3. d4 exd4 4. Nxd4 Nf6 5. Nxc6 bxc6 6. Bd3 d5 7. Qe2 dxe4 8. Nc3 Bb4 9. Bxe4 Nxe4 10. Qxe4+ Qe7 11. Qxe7+ Bxe7 12. Bf4 Rb8 13. 0-0-0 Rb7 14. Rhe1 Be6 15. Re4 0-0 16. Ra4 Bf6 17. Bd2 Rfb8 18. b3 Bxc3 19. Bxc3 c5 20. Ra5 c4 21. Bd4 cxb3 22. axb3 f6 23. Rxa7 Rxa7 24. Bxa7 Ra8 25. Bd4 Kf7 26. Re1 Ra5 27. h4 h6 28. Kb2 Rd5 29. Be3 g5 30. hxg5 hxg5 31. Ra1 Rd7 32. g3 Bd5 33. Ra7 Ke6 34. Bd4 f5 35. c3 g4 36. Be3 Be4 37. Bf4 c6 38. Rxd7 1/2-1/2